Quizzes
Events
Quiz Creation
Community
Videos
Private Events
Remove Ads
Sign In
Join for FREE
Feedback
Dark Mode
Quiz Categories
Sports
Geography
Music
Movies
Television
Just For Fun
Miscellaneous
History
Literature
Language
Science
Gaming
Entertainment
Religion
Holiday
For Kids
Quiz Lab
Recent
Popular Today
Quiz Kudos Today
Editor Picks
Curator Picks
Quizzes by...
Day
Popularity
Type
Ratings
Length
Year
Community
Subscriptions
Recent Discussions
Orange Saloon
Badges
Playlists
Quests
Create
Leaderboards
Showdown
Live 5
Trivia Bingo
Activity
Puzzle Library
Sporcle Events
Private Events
Virtual Trivia
Globe League
Become a Host
Pub Owners
SporcleCon
Opinionation
Our Games
Videos
Blog
Mobile Apps
Partnerships
Remove Ads and Go Orange
Feedback
Language
Vocabulary
Begins and Ends
Definition
Spanish
French
German
Italian
Chinese
Latin
Translation
Japanese
Language
Vocabulary
Begins and Ends
Definition
Spanish
French
German
Italian
Chinese
Latin
Translation
Japanese
Random Quiz
Search Sporcle
×
Quiz Lab
Quiz Lab
Language
Nintendo
Type in answers that appear in a list
Type in answers that appear in a list
Classic
Best Score? Go Orange.
Chinese (Mandarin) Radicals Stats
Can you name the Chinese (Mandarin) Radicals?
By
froho
5m
40 Questions
181 Plays
181 Plays
181 Plays
Comments
Comments
Give Quiz Kudos
Give Quiz Kudos
-
- Ratings
hide this ad
Replay
Link that replays current quiz
Next Quiz
Link to next quiz in quiz playlist
You Got
0%
They Got
Avg Score
35%
Avg Friend Score
Upgrade to see
Score Distribution
Jump to the score distribution portion of the page
Score
0/40
Timer
05:00
0
Plays Today
% Correct
xi
59.1%
yi
57.5%
da
56.9%
ren
55.8%
li
55.8%
er
51.9%
ma
51.4%
mu
47%
mu
47%
kou
45.9%
ri
45.9%
shui
45.3%
yu
45.3%
shi
44.8%
shi
44.8%
zi
44.2%
tu
38.1%
mi
37.6%
xin
36.5%
xiao
34.3%
% Correct
yue
33.7%
dao
31.5%
huo
30.9%
shou
28.7%
yan
28.2%
zu
27.6%
gong
27.1%
gong
27.1%
ge
27.1%
you
26.5%
wei
26%
men
24.9%
jin
23.2%
tian
21%
bei
18.2%
zou
16.6%
yao
15.5%
cun
12.7%
nü
11.6%
zhui
11.6%
Quiz Playlist
Details
Report
Send in Message
Add To Playlist
Classic:
Type in answers that appear in a list
Last Updated: Feb 16, 2017
Quiz Scoreboard
CHALLENGE
Sign Up to Join the Scoreboard
Show All
Scores
Hide
Comments
May contain spoilers
Recently Published
Decade Duel: World Leaders
by jenniferyan
History
4m
Alphabetical 'K' Countries by Flag Minefield
by ylime102
Geography
3m
Pick 6: Fruits
by JohnFran
Miscellaneous
15s
More to Explore
Quiz From the Vault
Featured Blog Post
15 Basketball Trivia Facts You Can Be March Mad About
hide this ad
You Might Also Like...
Tags
Chinese Quiz
Nintendo Quiz
Chinese Mandarin
Mandarin
radical
Today's Top Quizzes in Language
Browse Language
hide this ad
Today's Top Quizzes in Nintendo
Browse Nintendo
Top Contributed Quizzes in Language
1
Spring or Fall
2
Spanish Seasons
3
Multilingual Seasons
4
Seasonal Rhymes
5
Name the 4 Seasons in English
6
Einsilbige Reime auf Chips
7
Spring or Fall?
8
Quick Pick: Prefixes for Spring
9
CWLC 7 Spanish School 2022
10
Quick Pick: Seasons in Esperanto
Explore More
Trending Topics
Disney
Crossword
NBA
Anime
Harry Potter
Marvel
Kpop
WWE
NFL
The Office
Soccer
Pokémon
Country
Song
Puzzle
hide this ad
More By:
froho
Quiz
Plays
Rating
Category
Featured
Created
Chinese (Mandarin) Radicals
181
1.00
Language
Oct 3, 2011
Go to Creator's Profile
Score Distribution
Quiz Creator Spotlight
froho
Follow
Send a Message
Quizzes Created
-
Created Quiz Play Count
-
More By This Creator
Popular Quizzes Today
1
Countries of Asia Without Outlines Minefield
2
Find the US States - No Outlines Minefield
3
Pick 6: Fruits
4
Alphabetical 'K' Countries by Flag Minefield
5
The Countries of the World
6
Find the Countries of Europe - No Outlines Minefield
7
Find the US States
8
US States
More Language Quizzes
Country Wordplay Sorting Gallery
Published
Trending Quizzes
Pick 6: Mountains
Pick 6: Harry Potter
Pick 6: Flags
Pick 6: NFL Teams
Pick 6: Movie Franchises
Recently Updated
Adaptations: Name the Title
pecheneg
NWSL Teams
pecheneg
Women's Final Four Teams by Year
bhenderson79
Presidents Quartet II
eogle
Anything But Clue(do)
eogle
Anything But Oceanian Capitals
eogle
Anything But 7
eogle
Anything But Thing
eogle
Word Ladder: February 29
pecheneg
Song Title Questions
pecheneg
Trending Topics
Kpop
Crossword
Harry Potter
NBA
Disney
Marvel
Anime
Pokémon
The Office
Puzzle
Song
Soccer
Country
WWE
NFL
Your Account Isn't Verified!
In order to create a playlist on Sporcle, you need to verify the email address you used during registration. Go to your
Sporcle Settings
to finish the process.
Report this User
Report this user for behavior that violates our
Community Guidelines
.
Details:
Send Report
Go to the Sporcle.com Mobile Site →
Comments